Les ruses de l'intelligence : la mètis des Grecs /

Hlavní autor: Detienne, Marcel, 1935-
Další autoři: Vernant, Jean-Pierre, 1914-2007
Jazyk: Francouzština
Vydáno: Paris : Flammarion, 1974
Edice: Nouvelle bibliothèque scientifique
Fyzický popis: 316 s.
Knihy
Uloženo v:
LEADER 00824nam a22002412a 4500
001 001211312
003 CZ BrMZK
005 20120511092101.0
007 ta
008 120510s1974 fr er|||||||||||fre d
040 |a BOA001  |b cze 
100 1 |a Detienne, Marcel,  |d 1935-  |7 jn20010309491  |4 aut 
245 1 4 |a Les ruses de l'intelligence :  |b la mètis des Grecs /  |c Marcel Detienne et Jean-Pierre Vernant 
260 |a Paris :  |b Flammarion,  |c 1974 
300 |a 316 s. 
490 1 |a Nouvelle bibliothèque scientifique 
504 |a Obsahuje bibliografii 
700 1 |a Vernant, Jean-Pierre,  |d 1914-2007  |7 skuk0005725  |4 aut 
830 0 |a Nouvelle bibliothèque scientifique 
910 |a BOA001  |b 2-0754.931 
990 |a BK 
991 |b 201205 
996 7 |b 2619532907  |c 2-0754.931  |l MZK  |r Sklad / do 1 hodiny  |n 2  |w 001245080  |u 000010  |a 1  |e BOA001  |j MZK50  |s A